000 00723nam a2200229 a 4500
003 OSt
005 20151016073925.0
008 020226s2001 esp 000 0 spa d
020 _a84-95157-08-X
040 _cBMC
082 _a823.438
100 1 _a Szpilman, Wladyslaw‏ ‎ ‏
_936639
_d1911-2000
245 1 3 _aEl pianista del gueto de Varsovia
_cWladyslaw Szpilman; traducción, María Teresa de los Ríos
250 _a8ª ed
260 _aMadrid
_bTurpial & Amaranto
_c2001
300 _a221 p.
_c22 cm
490 0 _aMemoria
595 _aTraducción de: Smierc miasta
650 2 4 _922976
_aNovela Polaca
700 1 _936641
_aRíos, Ma. Teresa de los‏ ‎
_q(María Teresa de los)‏
942 _2ddc
_cBK
999 _c22869
_d22869